| 000 | 00831cam a22002535i 4500 | ||
|---|---|---|---|
| 001 | 19368378 | ||
| 003 | ARRUPE | ||
| 005 | 20161128153550.0 | ||
| 008 | 161109s2016 rh a b 000 0 eng | ||
| 010 | _a 2015334642 | ||
| 020 | _a9789966096388 | ||
| 040 |
_aDLC _beng _cDLC _erda |
||
| 042 | _alcode | ||
| 050 | _aHD8039.M6I43 | ||
| 100 | 1 |
_aOpongo, Elias O. _927640 |
|
| 245 | 1 | 0 |
_aInformal mining and family vulnerability in Kenya, Zambia and Zimbabwe : _badvocacy for human dignity and integrity of creation / _cElias O. Opongo, SJ (Ed.). |
| 260 |
_aHarare _bArrupe College _c2016 |
||
| 300 |
_a94 p.; _c21 cm |
||
| 650 |
_aMining, Informal _zAfrica _927641 |
||
| 650 |
_aMiners _xSocial aspects _927642 |
||
| 906 |
_a0 _bibc _corigode _d3 _encip _f20 _gy-gencatlg |
||
| 942 |
_2lcc _cMONOGRAPH |
||
| 999 |
_c125788 _d125788 |
||